000
00293nam a22001217a 4500
999
_c
8446
_d
8446
008
200131b ||||| |||| 00| 0 eng d
020
_a
9780070636613
082
_2
19th
_a
510.5 DAS
100
_a
DASGUPTA,Sanjay etc
245
_a
Algorithms
250
_a
Page-320
260
_a
New Delhi
_b
TMH
_c
2017